| 000 | 00659nam a2200205 a 4500 | ||
|---|---|---|---|
| 005 | 20210223130544.0 | ||
| 008 | 080724s1983 mx r 000 0 spa d | ||
| 020 | _a9232020696 | ||
| 035 | _aUPN01000158133 | ||
| 049 | _aUNE | ||
| 050 |
_aNX576.8 N4 _bA4.2 |
||
| 100 | 1 |
_aAmatya, Shaphalya _939883 |
|
| 245 | 1 | 0 |
_aAspects de la politique culturelle au Népal / _cShaphalya Amatya. |
| 260 |
_aParis : _bUNESCO, _c1983. |
||
| 300 |
_a65, [3] p. : _bil., tablas |
||
| 440 | 0 | _aPolitiques culturelles : études et documents | |
| 590 | _aTambién localizas un ejmplar en "Colección General" | ||
| 651 | 4 |
_aNEPAL - _xPOLITICA CULTURAL _925486 |
|
| 905 | _aLibro | ||
| 999 |
_c130247 _d130247 |
||